Možnosti využívania marketingových nástrojov vo vybranom strojárskom podniku bakalárska práca

Saved in:
Bibliographic Details
Main Author: Kačmariková, Anna
Corporate Author: Podnikovohospodárska fakulta EU so sídlom v Košiciach. Katedra marketingu a obchodu
Other Authors: Andrejovský, Pavol, 1975-
Format: Book
Language:Slovak
Published: Košice 2013
Tags: Add Tag
No Tags, Be the first to tag this record!

MARC

LEADER 00000nbm a2200000 4500
001 0172339
005 20161109112044.9
041 0 |a slo 
044 |a SK 
245 1 0 |a Možnosti využívania marketingových nástrojov vo vybranom strojárskom podniku  |b bakalárska práca  |c Anna Kačmariková ; školiteľ: Pavol Andrejovský 
264 1 |a Košice  |c 2013 
300 |a 58 s. 
100 1 |a Kačmariková, Anna 
700 1 |a Andrejovský, Pavol, 1975- 
710 2 |a Podnikovohospodárska fakulta EU so sídlom v Košiciach. Katedra marketingu a obchodu